00878nam a2200181 a 450000500170000000800410001704100080005804400070006624500410007326000530011430000130016752004210018065000150060165000150061665000100063165000160064165000390065720180803165351.0140129b2006 ck ||||| |||| 00| 0 spa d aspa ack aColombia, diversa por sus imágenes aBogotábInstituto Alexander von Humboldtc2006 aPlegable aDurante 2006, la Unidad de Producción Audiovisual diseñó y programó un catálogo virtual para consulta (CD) con 5.000 fotografías. Esta herramienta no solo permite un recorrido visual por diferentes paisajes y escenarios de la geografía colombiana, sino , además, descurbir importantes elementos de la biodiversidd (flora y fauna) que están asociado con los principales ecosistemas de nuestro país aCatálogo aImágenes aFauna aEcosistemas aUnidad de Producción Audiovisual